Missing Word: 'The Man' Movies Quiz Stats

 Plays Quiz Updated Oct 2, 2014

Challenge
Share
Tweet
Embed
Score 0/14 Timer 04:00
1 Play Today
Title Missing Word % Correct
The Man Who _____ Too MuchKnew
88.3%
The Man in the _____ MaskIron
87.1%
The Man With the _____ GunGolden
85.7%
The Man Who Knew Too _____Little
80.3%
The Man Who Would be _____King
74.3%
The Man Who _____ Liberty ValanceShot
72.5%
The Man _____ a FaceWithout
68.6%
Title Missing Word % Correct
The Man Who Wasn't _____There
62.8%
The Man Who _____ to EarthFell
61.8%
The Man With One _____ ShoeRed
58.6%
The Man With Two _____Brains
38%
The Man in the _____Moon
36.6%
The Man From _____ RiverSnowy
35.5%
The Man With the Iron _____Fists
19.4%

Today's Daily Dose

Missing Word
No Snow!

Word Ladder
Wild Cats

On This Day
December 16th II

You're not logged in!

Compare scores with friends on all Sporcle quizzes.
OR
Log In

You Might Also Like...

Show Comments

Extras

Top Quizzes Today


Score Distribution

Your Account Isn't Verified!

In order to create a playlist on Sporcle, you need to verify the email address you used during registration. Go to your Sporcle Settings to finish the process.

Report this User

Report this user for behavior that violates our Community Guidelines.

Details: